000 00844nas a2200277 4500
001 BR0904200
003 BR-BrBNA
005 20231205113258.0
007 ta
008 230509b bl.|||p| |||| 00| 00por d
040 _aBR-BrBNA
_bpor
_cBiblioteca Nacional de Agricultura
041 _a(Pt)
072 _aH10
100 1 _aDorval, A.
100 1 _aPeres Filho, O.
100 1 _aMarques, E.N.
100 1 _aMoura, R.G.
245 1 _aColeópteros em plantios de Eucalyptus citriodora e E.urophylla em cuiabá Estado de Mato Grosso
650 _aCOLEOPTERO
650 _aCOLEOBROCA
650 _aEUCALYPTUS CITRIODORA
650 _aEUCALYPTUS UROPHYLLA
773 0 _tRevista de Agricultura (Brazil)
_xISSN 0034-7655
_g(Dec 2007), v. 82(3) p. 254-268
_wBR0904200
909 _a202311
_bLúcia
_c55
_dLúcia Elande
942 _2AGRIS
_n0
_cANA
999 _c202861
_d202861